Widok standardowy
Widok MARC
Pozycja Personal Name
Liczba rekordów, w których użyto hasła: 1
001 - Numer kontrolny
- control field: 40808
003 - Identyfikator numeru kontrolnego
- control field: NUKAT
005 - Data i czas ostatniej modyfikacji
- control field: 20260428131026.0
008 - Dane kontrolne kodowane (40 znaków)
- fixed length control field: 170512n||a|znnaabn |a aaa |c
010 ## - Numer kontrolny Biblioteki Kongresu
- numer kontrolny LC: n 2017159708
040 ## - Instytucja sporządzająca rekord
- inst. przygot. dane do rek. khw: WR U/MB
- język haseł przedmiotowych/tezaurus: kaba
- inst. wprow. rek. khw: WR U/MB
100 1# - Hasło - nazwa osobowa
- nazwa osobowa w formie ujednoliconej: Madden, Ray John
- daty biograficzne: (1892-1987).
400 1# - Trop zob. - nazwa osobowa
- nazwa osobowa (nazwisko, imiona): Madden, Ray J.
670 ## - Źródło informacji
- źródło informacji: Kp. Mord w Lesie Katyńskim / wstęp, wybór i opracowanie Witold Wasilewski. - Warszawa, 2017.
670 ## - Źródło informacji
- źródło informacji: LCA online